• 首页
  • 本馆介绍
  • 公告通知
  • 最新文献
  • 馆藏检索
  • 电子资源
  • 读者荐购
  • 参考咨询
  • CALIS
  • 我的图书馆
  • 登录
  • 详细信息显示
  • 放入我的书架
  • 预约/预借图书
  • 作者相关作品
  • 分类相关作品
  • 丛书相关作品
  • 出版社相关作品

书目信息

  • 表格格式
  • 工作单格式
  • 卡片格式
题名:
小资辞典
    
 
作者: 何悠然 著
分册:  
出版信息: 北京   中国纺织出版社  2006.04
页数: 232页
开本: 23cm
丛书名:
单 册:
中图分类: D669
科图分类:
主题词: 社会生活--she hui sheng huo--中国--通俗读物
电子资源:
ISBN: 7-5064-3731-7
 
 
 
 
 
000 00847nam0 2200241 450
001 012007255703
005 20071010112950.82
010    @a7-5064-3731-7@dCNY21.80
100    @a20070813d2006 km y0chiy0120 ea
101 0  @achi
102    @aCN@b110000
105    @aa a 000yy
200 1  @a小资辞典@Axiao zi ci dian@f何悠然著@Fhe you ran zhu
210    @a北京@c中国纺织出版社@d2006.04
215    @a232页@c图@d23cm
300    @a高级小资进阶教程
320    @a有书目 (第232页)。
330    @a本书挑选了26个与小资关系最为密切的关键词语,借用一种奇巧的表达方式,对小资的方方面面作了生动的描绘,这十分有益于读者对它的优点和缺点,对它在当代社会生活中的位置,做出恰如其分的科学评价。
606 0  @a社会生活@Ashe hui sheng huo@y中国@j通俗读物
690    @aD669@v4
701  0 @a何悠然@Ahe you ran@4著
801  0 @aCN@c20071010
905    @dD669@eH225
    
    小资辞典/何悠然著.-北京:中国纺织出版社,2006.04
    232页:图;23cm
    高级小资进阶教程
    
    ISBN 7-5064-3731-7:CNY21.80
    本书挑选了26个与小资关系最为密切的关键词语,借用一种奇巧的表达方式,对小资的方方面面作了生动的描绘,这十分有益于读者对它的优点和缺点,对它在当代社会生活中的位置,做出恰如其分的科学评价。
●
相关链接 在E读中查询图书 在当当中查询图书 在豆瓣中查询图书


正题名:小资辞典     索取号:D669/H225         预约/预借

序号 登录号 条形码 馆藏地/架位号 状态 备注
1 252365   202523652   社科库509/509社科库 75排8列5层/ [索取号:D669/H225] 在馆    
2 252366   202523661   社科库509/509社科库 75排8列5层/ [索取号:D669/H225] 在馆    
3 252367   202523670   社科库509/509社科库 75排8列5层/ [索取号:D669/H225] 在馆    
河南城建学院图书馆 欢迎您!
大连网信软件有限公司© 版权所有